Catálogo

DIOS ES AMOR (Registro nro. 32939)

Detalles MARC
000 -LEADER
fixed length control field 00490nam a2200217 a 4500
001 - CONTROL NUMBER
control field 32939
003 - CONTROL NUMBER IDENTIFIER
control field Mx-PuUPA
005 - DATE AND TIME OF LATEST TRANSACTION
control field 20190617091235.0
008 - FIXED-LENGTH DATA ELEMENTS--GENERAL INFORMATION
fixed length control field 140415s2006 mx 000 0 spa d
020 ## - INTERNATIONAL STANDARD BOOK NUMBER
International Standard Book Number 9789706125620
040 ## - CATALOGING SOURCE
Transcribing agency Mx-PuUPA
041 ## - LANGUAGE CODE
Language code of text/sound track or separate title spa
082 ## - DEWEY DECIMAL CLASSIFICATION NUMBER
Classification number 265
Item number DEU
100 1# - MAIN ENTRY--PERSONAL NAME
Personal name BENEDICTO, PAPA
245 10 - TITLE STATEMENT
Title DIOS ES AMOR
250 ## - EDITION STATEMENT
Edition statement 13A EDICIÓN
260 ## - PUBLICATION, DISTRIBUTION, ETC.
Place of publication, distribution, etc. MEXICO :
Name of publisher, distributor, etc. SAN PABLO,
Date of publication, distribution, etc. 2006
300 ## - PHYSICAL DESCRIPTION
Extent 70
Dimensions 13 x 1 x 22
650 14 - SUBJECT ADDED ENTRY--TOPICAL TERM
Topical term or geographic name entry element RELIGION
942 ## - ADDED ENTRY ELEMENTS (KOHA)
Source of classification or shelving scheme Dewey Decimal Classification
Koha item type Libro
Existencias
Withdrawn status Lost status Source of classification or shelving scheme Damaged status Not for loan Collection code Home library Current library Shelving location Date acquired Source of acquisition Total Checkouts Full call number Barcode Price effective from Koha item type
    Dewey Decimal Classification     General Tehuacán Tehuacán Sala general 12/08/2016 Compra   200.1 FRA 2011 507919 12/08/2016 Libro
    Dewey Decimal Classification     General Tehuacán Tehuacán Sala general 03/12/2013 Compra   265 DEU 507898 03/12/2013 Libro